| 000 | 01251nam a22002657a 4500 | ||
|---|---|---|---|
| 999 |
_c22751 _d22751 |
||
| 003 | AR-CdUCM | ||
| 008 | 240110b20212021pe ||||| |||| 00| 0 spa d | ||
| 040 |
_aMUNICIPALIDAD PROVINCIAL DEL CUSCO _cBIBLIOTECA MUNICIPAL DEL CUSCO |
||
| 041 | _hspa | ||
| 082 |
_aF344.2 / O44 _bO44 |
||
| 100 |
_aOlivera Sarmiento, Edgardo César _949269 |
||
| 245 |
_aLas 100 Audiencias en el Nuevo código Procesal Penal Peruano : _bEl desagregado más completo del sistema de audiencias en el Nuevo Proceso Penal Peruano / |
||
| 260 |
_c2021 _aCusco : _bDanny's Graff E.I.R.L. |
||
| 300 |
_a 656 páginas. : _c30 cm. |
||
| 505 | _aAudiencia única de ampliación del principio de oportunidad, sede fiscal -- Audiencia para resolver la cuestión previa -- Audiencia de tutela de los derechos del imputado -- Audiencias en los procesos penales -- Proceso especial de seguridad -- Proceso por colaboración eficaz | ||
| 650 |
_aAudiencias _943946 |
||
| 650 |
_aProceso Común _949270 |
||
| 650 |
_aProcesos especiales _949271 |
||
| 650 |
_aEjecución de sentencias _949272 |
||
| 650 |
_aCese de prisión preventiva _949273 |
||
| 650 |
_aJuicio oral _98706 |
||
| 650 |
_aAudiencia en proceso por faltas _949274 |
||
| 942 |
_2ddc _cLIBROS |
||
| 945 |
_apbj _d10-01-2024 |
||